| 000 | 00601nam a22002177a 4500 | ||
|---|---|---|---|
| 001 | 19627 | ||
| 003 | BD-RjUL | ||
| 005 | 20211209000445.0 | ||
| 008 | 140225s2005 bg ||||| |||| 00| 0 eng d | ||
| 020 | _a9843223454 | ||
| 035 | _a(BD-RjUL)19687 | ||
| 040 |
_aBD-RjUL _beng _cBD-RjUL _dBD-RjUL |
||
| 041 | _aeng | ||
| 082 | 0 | 4 |
_a658.91374 _bAHH 2005 |
| 100 | 1 |
_aAhmad, Moslem Uddin _960299 |
|
| 245 | 1 |
_aA handbook for professional / _cby Moslem Uddin Ahmad |
|
| 260 |
_aDhaka : _bGemini editing media, _c2005. |
||
| 300 |
_a86p. ; _c22cm. |
||
| 650 | 0 |
_aContinuing education _960300 |
|
| 942 |
_2ddc _cBK |
||
| 999 |
_c19627 _d19627 |
||